Moderata Fonte : women and life in sixteenth-century Venice /

Bibliographic Details
Main Author: Malpezzi Price, Paola, 1948-
Format: Book
Language:English
Published: Madison, N.J. : London : Fairleigh Dickinson University Press ; Associated University Presses, [2003]
Subjects:

MARC

Tag First Indicator Second Indicator Subfields
LEADER 00000pam a22000004a 4500
001 in00001780913
005 20151025112927.0
008 030226s2003 wiua b 001 0 eng
010 |a  2003004818 
020 |a 0838639984 (alk. paper) 
035 |a (OCoLC)ocm51804621 
040 |a DLC  |c DLC  |d TXA  |d UtOrBLW 
042 |a pcc 
043 |a e-it--- 
049 |a TXAM 
050 0 0 |a HQ1645.V45  |b M35 2003 
082 0 0 |a 305.42/0945/31  |2 21 
100 1 |a Malpezzi Price, Paola,  |d 1948- 
245 1 0 |a Moderata Fonte :  |b women and life in sixteenth-century Venice /  |c Paola Malpezzi Price. 
264 1 |a Madison, N.J. :  |b Fairleigh Dickinson University Press ;  |a London :  |b Associated University Presses,  |c [2003] 
264 4 |c ©2003 
300 |a 175 pages :  |b illustrations ;  |c 24 cm. 
336 |a text  |b txt  |2 rdacontent 
337 |a unmediated  |b n  |2 rdamedia 
338 |a volume  |b nc  |2 rdacarrier 
504 |a Includes bibliographical references (pages 159-169) and index. 
650 0 |a Women  |z Italy  |z Venice  |x History  |y 16th century. 
650 0 |a Women  |z Italy  |z Venice  |x Social conditions  |y 16th century. 
600 1 0 |a Fonte, Moderata,  |d 1555-1592. 
948 |a cataloged  |b h  |c 2003/10/23  |d c  |e dmitchel  |f 12:44:14 pm 
994 |a E0  |b TXA 
999 |a MARS 
999 f f |s 5fafe8de-7778-3653-b654-8a643e46d6de  |i b539e454-9939-3378-b07c-cf99e0c2a4fe  |t 0 
952 f f |p ric  |a Texas A&M University  |b Rellis Campus  |c Joint Library Facility  |d Remote Storage  |t 0  |e HQ1645.V45 M35 2003  |h Library of Congress classification  |i unmediated -- volume  |m A14830738177 
998 f f |a HQ1645.V45 M35 2003  |t 0  |l Remote Storage